000 00658nam a22002537a 4500
001 BR9405397
003 BR-BrBNA
005 20240528153443.0
008 230509b bl.||||| |||| 00| 0 por d
040 _aBR-BrBNA
_bpor
041 _a(Por)
072 _aB10
090 _aB10
_bBR9405397
100 1 _aValverde, O.
245 1 _aPlano meridional do Brasil /
260 3 _aRio de Janeiro, GB (Brasil):
_bConselho Nacional de Geografia,
_c1957.
300 _a340 p.
500 _a23 ref.
650 _aGeografia Descritiva
650 _aRegiao Sul
909 _a05/2024
_bSARAH
942 _cBK
999 _c50042
_d50042